| 000 | 00630nam a2200193 4500 | ||
|---|---|---|---|
| 001 | 119853 | ||
| 003 | ES-MaACL | ||
| 005 | 20251001063036.0 | ||
| 007 | t| | ||
| 008 | 070214s1974 sp r ||||1| spa d | ||
| 100 | 1 |
_aPérez-Prendes y Muñoz de Arraco, José Manuel, _d1933-2017 _991093 |
|
| 245 | 1 | 0 |
_aCortes de Castilla / _cJosé Manuel Pérez-Prendes y Muñoz de Arraco. |
| 260 |
_aBarcelona : _bAriel, _c1974. |
||
| 300 |
_a168 p. ; _c20 cm. |
||
| 490 | 1 | _aBiblioteca de ciencia jurídica | |
| 830 | 0 |
_aBiblioteca de ciencia jurídica _9184039 |
|
| 852 |
_aES-MaACL _jE-6334 _bR.90299 |
||
| 999 |
_c119853 _d119853 |
||